Score 0/9 Timer 01:00
1 Play Today
Hint 4-Letter Word % Correct
Chair or stoolSEAT
90.1%
Annoying person or insectPEST
85.6%
Boggy soilPEAT
81.8%
George Bernard's surnameSHAW
77.2%
Shredded saladSLAW
76.5%
Flat strip of wood, metal or plasticSLAT
74.6%
Mohammad Reza Pahlavi's titleSHAH
69.2%
''Be quiet!'' alternativeSHHH
67.6%
''Hey, you!'' alternativePSST
59.3%

Today's Daily Dose

Remove Ads.
Support Sporcle.
Get the best of Sporcle when you Go Orange. This ad-free experience offers more features, more stats, and more fun while also helping to support Sporcle. Thank you for becoming a member.

You're not logged in!

Compare scores with friends on all Sporcle quizzes.
OR
Log In

Show Comments

Extras

Top Quizzes Today


Score Distribution

Your Account Isn't Verified!

In order to create a playlist on Sporcle, you need to verify the email address you used during registration. Go to your Sporcle Settings to finish the process.

Report this User

Report this user for behavior that violates our Community Guidelines.

Details: